• 首页
  • 本馆介绍
  • 公告通知
  • 最新文献
  • 馆藏检索
  • 电子资源
  • 读者导购
  • 参考咨询
  • 我的图书馆
  • 登录
  • 详细信息显示
  • 放入我的书架
  • 预约/预借图书
  • 作者相关作品
  • 分类相关作品
  • 丛书相关作品
  • 出版社相关作品

书目信息

  • 表格格式
  • 工作单格式
  • 卡片格式
题名:
工具五金卷
    
 
作者: ;国家轻工业局行业管理司质量标准处 编
分册:  
出版信息: 北京   中国标准出版社  2001.03
页数: 736页
开本: 26cm
丛书名: 中国轻工业标准汇编
单 册:
中图分类: TS914.5
科图分类:
主题词: 五金制品
电子资源:
ISBN: 7-5066-2312-9
000 00822nam0 2200229 450
001 0760129752
005 20071213164312.13
010    @a7-5066-2312-9@dCNY148.00
100    @a20071213d2001 km y0chiy0120 ea
101 0  @achi
102    @aCN@b110000
200 1  @a工具五金卷@Agong ju wu jin juan@f国家轻工业局行业管理司质量标准处编@Fguo jia qing gong ye ju hang ye guan li si zhi liang biao zhun chu bian
210    @a北京@c中国标准出版社@d2001.03
215    @a736页@d26cm
225 2  @a中国轻工业标准汇编
410  0 @12001 @a中国轻工业标准汇编
606 0  @a五金制品
690    @aTS914.5@v4
711 02 @a国家轻工业局行业管理司质量标准处@Aguo jia qing gong ye ju hang ye guan li si zhi liang biao zhun chu@4编
801  0 @aCN@b大连网信软件有限公司图书馆@c20071213
905    @aBZT@dTS914.5@e1
906    @dCNY148.00@n0@r1
    
    工具五金卷/国家轻工业局行业管理司质量标准处编.-北京:中国标准出版社,2001.03
    736页;26cm.-(中国轻工业标准汇编)
    
    
    ISBN 7-5066-2312-9:CNY148.00
    
●
相关链接 在五车中查询图书 在当当中查询图书 在豆瓣中查询图书


正题名:工具五金卷     索取号:TS914.5/1         预约/预借

序号 登录号 条形码 馆藏地/架位号 状态 备注
1 607175   2000607175   中心书库中库/ 中库025架A面9列1层5/ [索取号:TS914.5/1] 在馆    
2 607176   2000607176   中心书库中库/ 中库025架A面9列1层1/ [索取号:TS914.5/1] 在馆    
3 607177   2000607177   中心书库中库/ 中库025架A面9列1层3/ [索取号:TS914.5/1] 在馆    
4 607178   2000607178   中心书库中库/ 中库025架A面9列1层4/ [索取号:TS914.5/1] 在馆    
5 607179   2000607179   中心书库中库/ 中库025架A面9列1层2/ [索取号:TS914.5/1] 在馆    
山东省滨州职业学院图书馆 欢迎您!
大连网信软件有限公司© 版权所有